Представление документа в формате RUSMARC

ПолеНазваниеЗначение
  Тип записи a
  Библиографический уровень m
001 Контрольный номер RU/CBS_UL/BASE/651770596
005 Дата корректировки 20240209174921.3
010 Индекс ISBN __
a ISBN 978-5-8243-1158-7
b Уточнения в пер.
d Цена 14 р. 63 к.
9 Тираж 1 000 экз.
100 Данные общей обработки __
a Данные общей обработки 20150915d2015 ||| 0rusy0189 ca
101 Язык документа 0_
a Язык текста rus
102 Страна публикации __
a Страна публикации RU
105 Кодированные данные (монография) __
a Кодированные данные (монография) y###||||000|y
181 Поле кодированных данных: вид содержания _1
a Код вида содержания (ISBD) i#
b Код характеристики содержания (ISBD) #xxe##
d i
g x
h x
i e
2 Код системы (источник кода, отличный от ISBD) isbdcontent
182 Поле кодированных данных: тип средства _1
a Код типа средства (ISBD) n
2 Код системы (источник кода, отличный от ISBD) isbdmedia
200 Заглавие и сведения об ответственности 1_
a Заглавие Избранные труды
b Общее обозначение материала Текст
f Первые сведения об ответственности К. С. Аксаков, И. С. Аксаков
g Последующие сведения об ответственности сост., авт. вступ. ст. и коммент. А. А. Ширинянц , А. В. Мырикова, Е. Б. Фурсова
w Текст (визуальный) : непосредственный
203 Вид содержания и тип средства __
a Вид содержания Текст
b Характеристика содержания визуальный
c Тип средства непосредственный
210 Выходные данные 1_
a Место издания Москва
c Издательство Российская политическая энциклопедия (РОССПЭН)
d Дата издания 2010
215 Физическое описание __
a Объем 887 с.
d Формат 22 см.
225 Серия 0_
a Серия Библиотека отечественной общественной мысли с древнейших времен до начала ХХ века
333 Примечание о целевом назначении __
a Примечание о целевом назначении 18+
606 Тематические рубрики 0_
a Основная рубрика История политической мысли России
610 Ключевые слова 0_
a Ключевые слова общественная мысль
a Ключевые слова славянофильство
a Ключевые слова историко-философские взгляды
a Ключевые слова лженародность литературы
a Ключевые слова русская литература
a Ключевые слова судьба земства
686 Индексы других классификаций __
a Классификационный индекс 66.1(2)
2 Код системы ББК
700 Автор _0
a Фамилия Аксаков
b Имя (инициалы) Константин Сергеевич
g Полное личное имя К. С.
701 Альтернативная интеллектуальная ответственность _0
a Фамилия Аксаков
b Имя (инициалы) И. С.
801 Источник записи _0
a Страна RU
b Организация МБУК ЦБС
c Дата составления 20150915
g Правила каталогизации RCR
801 Источник записи _1
a Страна RU
b Организация МБУК ЦБС г. Ульяновска
c Дата составления 20150915
g Правила каталогизации RCR
899 Данные о местонахождении __
i Авторский знак А 41
j Расстановочный фильтр 66.1(2)
901 Тип документа __
t Тип документа m
910 Корректоры записи __
a Корректор записи Хисамова